Datum a čas kvízu
21.5
Celkem bodů
Celkový počet nahraných bodů na tomto kvízu bez doplňovacích otázek.
8.
Pořadí na kvízu
Konečné umístění týmu na tomto kvízu.
Zaznamenané odpovědi
| # | Otázka | Odpověď | Body | Výsledky |
|---|---|---|---|---|
| 1. | Jaroslav Němec z Bystrého na S... | hlemýždi (šneci) | 1 | |
| 2. | Tento ruský opoziční politik v... | Boris Naděždin | 0 | |
| 3. | Ve čtvrtek byl na Netflixu ods... | narkobaronka (šéfka kokainové mafie) | 0 | |
| 4. | Firma Apple se minulý týden po... | umožní instalovat aplikace i z jiných zdrojů než AppStore | 0 | |
| 5. | Slavná Barcelona obdržela v so... | Villarreal | 0 | |
| 6. | Nejvíce dvojčat na světě se ro... | Nigérie | 0 | |
| 7. | Dvojčata si mohou v dětském vě... | kryptofázie | 0 | |
| 8. | Jako dvojčata byly označovány... | WTC | 1 | |
| 9. | Jak se jmenuje herec, jehož ob... | Rami Malek | 0 | |
| 10. | Na závěr tématu se podíváme na... | paterčata | 0 |